| 000 | 02145nam a2200277Ia 4500 | ||
|---|---|---|---|
| 999 |
_c50265 _d50265 |
||
| 001 | 17203 | ||
| 003 | GE_BSU | ||
| 005 | 20210504190624.0 | ||
| 008 | 181216s2014ge xx |||||||||||||| ||geo|| | ||
| 020 | _a9781854442805 | ||
| 040 | _cGE_BSU | ||
| 041 | _ageo | ||
| 080 | _a902.4 კ-36 | ||
| 100 |
_aკახიძე, ამირან _9103 |
||
| 245 |
_aფიჭვნარი = Pichvnari. ტ. 5: _bნ. ბერძენიშვილის სახ. სამეცნიერო - კვლევითი ინსტიტუტის, საქართველო - ბრიტანეთის ერთობლივი არქეოლოგიური ექსპედიციის შედეგები (1967-2012) აღმოსავლეთ შავიზღვისპირეთის ბერძნული კოლონიზაციის შედეგები (ფიჭვნარის ძვ.წ.IVსაუკუნის ბერძნული ნეკროპოლი) ნაწ.I (ტექსტი) / _cმირან კახიძე ; ემზარ კახიძე ; ინგლ. ტექსტის რედ. მ.ვიკერსი. |
||
| 250 | _aბათუმის არქეოლოგიური მუზეუმი, ოქსფორდის აშმოლის მუზეუმი. | ||
| 264 |
_a[ბათუმი ; ოქსფორდი]': _bშპს გამ-ბა გრიფონი, _c2014. |
||
| 300 |
_a212 გვ ; _bილ,70 გვ ; ფოტო , _c30 სმ. |
||
| 546 | _aპარალელ. თავფურ. ინგლ.. - ტექსტი, ყდა ქართ. და ინგლ.. | ||
| 653 | _aარქეოლოგია | ||
| 653 | _aარქეოლოგიური გათხრები საქართველოში | ||
| 653 | _aფიჭვნარი | ||
| 700 |
_aკახიძე, ემზარ _96722 |
||
| 700 |
_aვიკერსი, მ. _eინგლისური ტექსტის რედაქტორი _96723 |
||
| 942 |
_cBK _2udc |
||